Loading...
| Mythology | 0 | 2 | 0 | 1 | 20 | 131 | 135.00 | 0 | 0 | 0.44 | 3.64 |
| Science - Other | 0 | 2 | 1 | 0 | 15 | 78 | 79.00 | 0 | 1 | 6.45 | 10.00 |
| History - Other | 0 | 1 | 0 | 0 | 10 | 113 | 113.00 | 0 | 0 | 1.31 | 5.45 |
| Social Science | 0 | 1 | 0 | 1 | 10 | 136 | 136.00 | 0 | 1 | 0.00 | 0.91 |
| History - European | 0 | 1 | 0 | 0 | 10 | 86 | 86.00 | 0 | 0 | 3.21 | 5.45 |
| Literature - British | 0 | 1 | 0 | 0 | 10 | 96 | 96.00 | 0 | 1 | 2.72 | 7.27 |
| Science - Physics | 0 | 1 | 0 | 0 | 10 | 75 | 75.00 | 0 | 0 | 3.59 | 6.36 |
| Fine Arts - Classical Music | 0 | 1 | 0 | 1 | 10 | 135 | 135.00 | 0 | 0 | -0.28 | 1.82 |
| Fine Arts - Other | 0 | 1 | 1 | 0 | 5 | 128 | 128.00 | 0 | 0 | 1.01 | 4.55 |
| Religion | 0 | 0 | 0 | 0 | 0 | 0.00 | 0 | 0 | 0.00 | 0.00 | |
| Science - Biology | 0 | 1 | 2 | 0 | 0 | 89 | 89.00 | 0 | 0 | 2.23 | 5.45 |
| Science - Chemistry | 0 | 0 | 0 | 0 | 0 | 0.00 | 0 | 0 | 0.00 | 0.00 | |
| Literature - American | 0 | 0 | 0 | 0 | 0 | 0.00 | 0 | 0 | 0.00 | 0.00 | |
| History - World | 0 | 0 | 1 | 0 | -5 | 0.00 | 0 | 0 | 0.00 | 0.00 | |
| Philosophy | 0 | 0 | 1 | 0 | -5 | 0.00 | 0 | 0 | 0.00 | 0.00 | |
| History - American | 0 | 0 | 1 | 0 | -5 | 0.00 | 0 | 0 | 0.00 | 0.00 |